Entry Personal Name
Number of records used in: 1
001 - CONTROL NUMBER
003 - CONTROL NUMBER IDENTIFIER
005 - DATE AND TIME OF LATEST TRANSACTION
- control field:
20160426164947.0
008 - FIXED-LENGTH DATA ELEMENTS
- fixed length control field:
160426|| aca||aabn | a|a d
040 ## - CATALOGING SOURCE
- Original cataloging agency:
OSt
- Transcribing agency:
OSt
100 ## - HEADING--PERSONAL NAME
- Personal name:
Englander, Irv
670 ## - SOURCE DATA FOUND
- Source citation:
Work cat.: (OSt): Englander, Irv, The Architechture of Camputer Hardware and System Software, 2000